| 000 | 02209cam a2200301 4500500 | ||
|---|---|---|---|
| 005 | 20251228072331.0 | ||
| 041 | _afre | ||
| 042 | _adc | ||
| 100 | 1 | 0 |
_aJaïtin, Rosa _eauthor |
| 245 | 0 | 0 | _aTransmission et croyance en thérapie familiale psychanalytique |
| 260 | _c2008. | ||
| 500 | _a67 | ||
| 520 | _aRésuméL’auteur présente une famille dans laquelle la différence religieuse entre ses membres constitue la défense centrale pour établir les tabous de meurtre et d’inceste : l’ascétisme religieux permet de satisfaire un idéal du moi négatif. La séduction incestueuse, le délire et le travestisme d’un de ses membres confrontent le groupe à son histoire transgénérationnelle colorée de mort, d’opulence et de misère. | ||
| 520 | _aThe autor présents a family in which the religious difference among its members constitutes the central defense to establish the tabu of death and incest ; religious ascetism enables to satisfy an ideal of the negate ego. The incestuous seduction, the delirium and the travestism of ones of its members makes the group face its transgenerational history tainted by death, opulency and misery. | ||
| 520 | _aResumenLa autora presenta una familia en la que la diferencia religiosa entre sus miembros constituye la defensa central para establecer los tabúes de muerte et de incesto : el ascetismo religioso permite satisfacer un ideal del yo negativo. La seducción incestuosa, el delirio y el travestismo de uno de sus miembros confronta al grupo a su historia transgeneracional teñida de muerte, de opulencia y de miseria. | ||
| 690 | _acroyance religieuse | ||
| 690 | _amilitance | ||
| 690 | _asentiment océanique | ||
| 690 | _asoi doxologique | ||
| 690 | _atransmission transgénérationnelle | ||
| 690 | _adoxological-self | ||
| 690 | _aoceanic sentiment | ||
| 690 | _apolitical commitment | ||
| 690 | _areligious belief | ||
| 690 | _atransgenerational transmission | ||
| 786 | 0 | _nRevue de psychothérapie psychanalytique de groupe | 49 | 2 | 2008-01-24 | p. 107-119 | 0297-1194 | |
| 856 | 4 | 1 | _uhttps://shs.cairn.info/revue-de-psychotherapie-psychanalytique-de-groupe-2007-2-page-107?lang=fr&redirect-ssocas=7080 |
| 999 |
_c1593739 _d1593739 |
||